LEADER 00985nam0-22003611--450- 001 990009377540403321 005 20111013125249.0 035 $a000937754 035 $aFED01000937754 035 $a(Aleph)000937754FED01 035 $a000937754 100 $a20110614d1957----km-y0itay50------ba 101 0 $aita 102 $aIT 105 $a--------001yy 200 1 $aAnatomia e fisiologia dell'uomo$fAngelo Cesare Bruni, Filippo Usuelli 205 $aRist. agg. alla 1. ed. 210 $aMilano$cAmbrosiana$d1957 215 $aXVI, 1043 p.$cill.$d25 cm 610 0 $aAnatomia 610 0 $aFisiologia 676 $a612 700 1$aBruni,$bAngelo Cesare$077205 701 1$aUsuelli,$bFilippo$073786 801 0$aIT$bUNINA$gRICA$2UNIMARC 901 $aBK 912 $a990009377540403321 952 $aIIIa C 134$bs.i.$fDMVSF 952 $aB18$b8221$fDMVCC 959 $aDMVSF 959 $aDMVCC 996 $aAnatomia e fisiologia dell'uomo$9763509 997 $aUNINA LEADER 02194oam 2200685 450 001 9910711764403321 005 20190102162939.0 035 $a(CKB)5470000002486426 035 $a(OCoLC)887398369 035 $a(EXLCZ)995470000002486426 100 $a19820219d1944 ua 0 101 0 $aeng 135 $aurcn||||||||| 181 $ctxt$2rdacontent 182 $cc$2rdamedia 183 $acr$2rdacarrier 200 00$aEmployment and housing problems of migratory workers in New York and New Jersey canning industries, 1943 210 1$a[Washington, D.C.] :$cUnited States Department of Labor, Women's Bureau. 210 2$aWashington :$cUnited States Government Printing Office,$d1944. 215 $a1 online resource (35 pages) 225 1 $aBulletin of the Women's Bureau ;$vno. 198 606 $aCanned foods industry$zUnited States 606 $aMigrant labor$zNew York (State) 606 $aMigrant labor$zNew Jersey 606 $aCannery workers$zNew York (State) 606 $aCannery workers$zNew Jersey 606 $aLabor camps$zNew York (State) 606 $aLabor camps$zNew Jersey 606 $aCanned foods industry 606 $aCanned foods industry$2fast 606 $aCannery workers$2fast 606 $aLabor camps$2fast 606 $aMigrant labor$2fast 607 $aNew Jersey$2fast 607 $aNew York (State)$2fast 607 $aUnited States$2fast 615 0$aCanned foods industry 615 0$aMigrant labor 615 0$aMigrant labor 615 0$aCannery workers 615 0$aCannery workers 615 0$aLabor camps 615 0$aLabor camps 615 0$aCanned foods industry. 615 7$aCanned foods industry. 615 7$aCannery workers. 615 7$aLabor camps. 615 7$aMigrant labor. 712 02$aUnited States.$bWomen's Bureau, 801 0$bHMM 801 1$bHMM 801 2$bOCLCF 801 2$bOCLCO 801 2$bOCLCQ 801 2$bOCLCA 801 2$bGPO 906 $aBOOK 912 $a9910711764403321 996 $aEmployment and housing problems of migratory workers in New York and New Jersey canning industries, 1943$93288816 997 $aUNINA